50 films à remplir - 2002 - Statistiques

Statistiques générales
  • Ce quiz a été pris 257 fois
  • Le résultat moyen est 39 sur 50
Statistiques - réponses
Hint Réponse % Correct
L'... de glace Âge
96%
... in Black II Men
96%
...-Doo Scooby
96%
Harry Potter et la ... des Secrest Chambre
95%
Astérix et Obélix : ... Cléopâtre Mission
95%
Lilo & ... Stitch
95%
Star Wars, épisode II : L'... des Clones Attaque
94%
Coup de foudre à ... Manhattan
94%
40 ... et 40 nuits Jours
92%
...-moi si tu peux Arrête
91%
Meurs un ... jour Autre
91%
... collatéral Dommage
91%
x...x X
91%
... jours plus tard 28
90%
L'... espagnole Auberge
90%
... et avoir Être
89%
... Pianiste Le
88%
... qui vous voudrez Embrassez
86%
La Machine à ... le temps Explorer
86%
...-Man Spider
86%
Spirit, l'... des plaines Étalon
85%
Stuart ... 2 Little
85%
Spy Game : Jeu d'... Espions
84%
... Evil Resident
84%
Le Seigneur des Anneaux : Les Deux ... Tours
83%
La ... dans la peau Mémoire
82%
La ... au Trésor, un nouvel univers Planète
79%
Minority ... Report
79%
Les ... de Mister Deeds Aventures
77%
Une femme de ... Ménage
77%
La Cité de ... Dieu
75%
... of New York Gangs
75%
... Room Panic
75%
... Femmes 8
73%
... à la grecque Mariage
73%
Fashion ... Victime
72%
Les ... de la perdition Sentiers
71%
Peter Pan 2 : ... au Pays Imaginaire Retour
64%
8 ... Mile
63%
... Batignole Monsieur
63%
Le ... Boulet
61%
Le ... Scorpion Roi
61%
La ... de toutes les peurs Somme
60%
Austin Powers dans ... Goldmember
59%
..., le film Jackass
59%
... Rouge Dragon
55%
... avec elle Parle
51%
Punch Drunk ... Love
50%
John ... Q
42%
... Affairs Infernal
33%
Aucun quiz correspondant
Distribution des résultats
% des personnes avec chaque résultat
Percentile par nombre de réponses
Votre historique - résultats
Vous n’avez pas pris ce quiz